La carrera administrativa y los regimenes especiales y especificos : (Registro nro. 2653)

Detalles MARC
000 -LEADER
fixed length control field 01171nam a2200301 4500
001 - CONTROL NUMBER
control field 0000017339
003 - CONTROL NUMBER IDENTIFIER
control field CO-CtgCURN
005 - DATE AND TIME OF LATEST TRANSACTION
control field 20250509231329.0
008 - FIXED-LENGTH DATA ELEMENTS--GENERAL INFORMATION
fixed length control field 160627s2001 000 0 eng d
020 ## - INTERNATIONAL STANDARD BOOK NUMBER
International Standard Book Number 9586900681
040 ## - CATALOGING SOURCE
Original cataloging agency CO-CtgCURN
Language of cataloging spa
Transcribing agency coctgcurn
082 0# - DEWEY DECIMAL CLASSIFICATION NUMBER
Classification number 342.06
Item number M35c
100 1# - MAIN ENTRY--PERSONAL NAME
Personal name Mendoza Vergara , Luis Eduardo.
245 13 - TITLE STATEMENT
Title La carrera administrativa y los regimenes especiales y especificos :
Remainder of title compilado, concordado y anotado /
Statement of responsibility, etc. Luis Eduardo Mendoza Vergara.
250 ## - EDITION STATEMENT
Edition statement 4a ed.
260 ## - PUBLICATION, DISTRIBUTION, ETC.
Place of publication, distribution, etc. Bogotá :
Name of publisher, distributor, etc. Leyer,
Date of publication, distribution, etc. 2001.
300 ## - PHYSICAL DESCRIPTION
Extent 623 p.
336 ## - CONTENT TYPE
Source rdacontent
337 ## - MEDIA TYPE
Source rdamedia
Media type term sin mediacion
Media type code n
338 ## - CARRIER TYPE
Source rdacarrier
Carrier type term volumen
Carrier type code nc
490 1# - SERIES STATEMENT
Series statement Colección códigos brevis
500 ## - GENERAL NOTE
General note Incluye indice.
505 8# - FORMATTED CONTENTS NOTE
Formatted contents note Carrera administrativa general ley 443 de 1998.--Carrera administrativa definicion principios y campo de aplicacion.--Vinculacion a los empleos de carrera.--Proceso de selección o concursos.--Registro publico de la carrera
650 #0 - SUBJECT ADDED ENTRY--TOPICAL TERM
Topical term or geographic name entry element Ley 443 de 1998.
908 ## - PUT COMMAND PARAMETER (RLIN)
Put command parameter 160627
942 ## - ADDED ENTRY ELEMENTS (KOHA)
Koha item type Libros
Classification part 342.06
Item part M35c
Source of classification or shelving scheme Dewey Decimal Classification
Suppress in OPAC No
Existencias
Withdrawn status Lost status Source of classification or shelving scheme Damaged status Not for loan Collection Home library Current library Shelving location Date acquired Inventory number Total checkouts Full call number Barcode Date last seen Copy number Price effective from Koha item type Public note
    Dewey Decimal Classification     General Miguel Henríquez Castañeda Miguel Henríquez Castañeda General 03/04/2019 003801   342.06 M35c 003801 03/04/2019 ej.1 03/04/2019 Libros 340-DEREC